Školské výchovno-vzdelávacie zariadenia
Reforma školského systému v školskom roku 2008/2009 - "premena tradičnej školy na modernú". Koncepcia Milénium. Transformácia slovenského školstva. Obsahová transformácia. Vytvorenie legislatívnych noriem. Výchovný program. Výchovno-vzdelávacie zariadenia. Osobná ochrana vychovávateľa. Materiálno-te...
Saved in:
| Main Author: | |
|---|---|
| Format: | Book Chapter |
| Language: | Slovak |
| Subjects: | |
| Tags: |
No Tags, Be the first to tag this record!
|
MARC
| LEADER | 00000naa$a2200000$$$4500 | ||
|---|---|---|---|
| 001 | 0107338 | ||
| 005 | 20231120114031.2 | ||
| 041 | 0 | |a slo | |
| 044 | |a SK | ||
| 245 | 1 | 0 | |a Školské výchovno-vzdelávacie zariadenia |c Eva Melcerová |
| 520 | |a Reforma školského systému v školskom roku 2008/2009 - "premena tradičnej školy na modernú". Koncepcia Milénium. Transformácia slovenského školstva. Obsahová transformácia. Vytvorenie legislatívnych noriem. Výchovný program. Výchovno-vzdelávacie zariadenia. Osobná ochrana vychovávateľa. Materiálno-technické vybavenie školských zariadení. | ||
| 610 | 2 | 0 | |a školstvo |
| 610 | 2 | 0 | |a vzdelávanie |
| 610 | 2 | 0 | |a zariadenia výchovné |
| 610 | 2 | 0 | |a reformy školské |
| 610 | 2 | 0 | |a transformácia |
| 610 | 2 | 0 | |a legislatíva |
| 610 | 2 | 0 | |a Slovensko |
| 100 | 1 | |a Melcerová, Eva | |